LEADER 02329nam0 22004693i 450 001 VAN0208120 005 20230609090511.58 017 70$2N$a9783319967073 100 $a20210823d2018 |0itac50 ba 101 $aeng 102 $aCH 105 $a|||| ||||| 200 1 $a4th International Symposium of Space Optical Instruments and Applications$eDelft, The Netherlands, October 16 -18, 2017$fH. Paul Urbach, Qifeng Yu editors 210 $aCham$cSpringer$d2018 215 $axi, 274 p.$cill.$d24 cm 410 1$1001VAN0132747$12001 $aSpringer Proceedings in Physics$1210 $aBerlin [etc.]$cSpringer$v209 500 1$3VAN0208121$a4th International Symposium of Space Optical Instruments and Applications$91864283 606 $a00Bxx$xConference proceedings and collections of articles [MSC 2020]$3VANC021742$2MF 606 $a85-XX$xAstronomy and Astrophysics [MSC 2020]$3VANC023246$2MF 606 $a78A60$xLasers, masers, optical bistability, nonlinear optics [MSC 2020]$3VANC029030$2MF 610 $aData Processing Orbit$9KW:K 610 $aData Processing Satellite$9KW:K 610 $aInstrumentation Satellite$9KW:K 610 $aOptical Detector Astronomy$9KW:K 610 $aOptical Instrument Satellite$9KW:K 610 $aOptical Sensor Astronomy$9KW:K 610 $aOptical Sensor Satellite$9KW:K 610 $aRemote Sensor Orbit$9KW:K 610 $aRemote sensing/photogrammetry$9KW:K 620 $aCH$dCham$3VANL001889 702 1$aUrbach$bHendrik Paul$3VANV162755 702 1$aYu$bQifeng$3VANV180079 712 12$aInternational Symposium of Space Optical Instruments and Applications$d4.$f2017$eDelft, The Netherlands$3VANV180078 712 $aSpringer $3VANV108073$4650 801 $aIT$bSOL$c20240614$gRICA 856 4 $uhttp://doi.org/10.1007/978-3-319-96707-3$zE-book ? Accesso al full-text attraverso riconoscimento IP di Ateneo, proxy e/o Shibboleth 899 $aBIBLIOTECA DEL DIPARTIMENTO DI MATEMATICA E FISICA$1IT-CE0120$2VAN08 912 $fN 912 $aVAN0208120 950 $aBIBLIOTECA DEL DIPARTIMENTO DI MATEMATICA E FISICA$d08CONS e-book 3431 $e08eMF3431 20210823 996 $a4th International Symposium of Space Optical Instruments and Applications$91864283 997 $aUNICAMPANIA LEADER 02123nas 2200685- 450 001 9910143879203321 005 20241130213016.0 011 $a1995-4263 035 $a(DE-599)ZDB2424032-1 035 $a(OCoLC)316064777 035 $a(CKB)1000000000365610 035 $a(CONSER)--2009242083 035 $a(EXLCZ)991000000000365610 100 $a20090317a20089999 --- a 101 0 $aeng 135 $aur||||||||||| 181 $ctxt$2rdacontent 182 $cc$2rdamedia 183 $acr$2rdacarrier 200 00$aContemporary problems of ecology 210 1$aDordrecht :$cSP MAIK Nauka/Interperiodica,$d2008- 210 31$aBerlin$cSpringer Link 215 $a1 online resource 300 $aRefereed/Peer-reviewed 311 08$a1995-4255 531 $aCONTEMP PROBL ECOL 531 $aCONTEMP PROBL ECOL+ 531 $aCONTEMP. PROBL. ECOL 531 0 $aContemp. probl. ecol. 606 $aEcology$zRussia (Federation)$zSiberia$vPeriodicals 606 $aNatural history$zRussia (Federation)$zSiberia$vPeriodicals 606 $aPollution$zRussia (Federation)$zSiberia$vPeriodicals 606 $aPollution$2fast$3(OCoLC)fst01070069 606 $aEcology$2fast$3(OCoLC)fst00901476 606 $aNatural history$2fast$3(OCoLC)fst01034268 606 $aEcology$2galestne 606 $aEnvironmental issues$2galestne 606 $aEcologia$2thub 606 $aBiologia de la conservació$2thub 606 $aContaminació$2thub 607 $aRussia (Federation)$zSiberia$2fast 607 $aRússia$2thub 608 $aPeriodicals.$2fast 608 $aPeriodicals.$2lcgft 608 $aRevistes electròniques.$2thub 615 0$aEcology 615 0$aNatural history 615 0$aPollution 615 7$aPollution. 615 7$aEcology. 615 7$aNatural history. 615 7$aEcology. 615 7$aEnvironmental issues. 615 7$aEcologia. 615 7$aBiologia de la conservació. 615 7$aContaminació. 906 $aJOURNAL 912 $a9910143879203321 996 $aContemporary problems of ecology$91940887 997 $aUNINA